| 000 | 01322nam a22003137a 4500 | ||
|---|---|---|---|
| 001 | 000346 | ||
| 003 | DO-SdBNP | ||
| 005 | 20171109104523.0 | ||
| 007 | 000346 | ||
| 008 | 160704b 2002 nyu xxu||||| |||| 00| 0 spa d | ||
| 020 | _a0393051242 | ||
| 040 |
_aBPMSU _bspa _cBPMSU |
||
| 082 | 4 |
_a337 _bS855g |
|
| 100 | 1 |
_aStiglitz, Joseph E., _d1943- |
|
| 245 | 1 | 0 |
_aGlobalization and its discontents / _cJoseph E. Stiglitz. |
| 260 |
_aNew York ; London : _bW. W. Norton, _c2002. |
||
| 300 |
_axxii, 282 p. ; _c24 cm. |
||
| 505 | 0 |
_tThe promise of global institutions -- _tBroken promises -- _tFreedom to choose? -- _tThe East Asian crisis : how IMF policies brought the world to the verge of a global meltdown -- _tWho lost Russia? -- _tUnfair trade laws and other mischief -- _tBetter roads to the market -- _tThe IMF's other agenda -- _tThe way ahead. |
|
| 610 | 2 |
_aFONDO MONETARIO INTERNACIONAL _zPAÍSES EN DESARROLLO |
|
| 650 | 4 |
_aGLOBALIZACIÓN _xASPECTOS ECONÓMICOS |
|
| 650 | 4 | _aREGULACIÓN DEL COMERCIO EXTERIOR | |
| 650 | 4 | _aRELACIONES ECONÓMICAS INTERNACIONALES | |
| 650 | 4 | _aPOLÍTICA ECONÓMICA | |
| 651 | 4 |
_aESTADOS UNIDOS _xPOLÍTICA COMERCIAL |
|
| 910 | _aValidado. Control de calidad MFF | ||
| 942 |
_2ddc _cBK |
||
| 945 | _aInventariado, 2017/MFF | ||
| 956 |
_2LOPEREZ _310 _620160704 _8BPMSU _a00041 |
||
| 999 |
_c10670 _d10670 |
||